| 000 | 00600nam a2200181 4500 | ||
|---|---|---|---|
| 999 |
_c64194 _d64194 |
||
| 003 | Ge_BSU | ||
| 005 | 20260430172325.0 | ||
| 008 | 260430s2005 fr ||||| |||| 00| 0 fre d | ||
| 020 | _a 9782717850253x | ||
| 041 | _afre | ||
| 080 | _a338:343:69 F-96 | ||
| 100 |
_aFukuyama, Francis _99377 |
||
| 245 |
_aRAPPORT MONDIAL SUR LA CORRUPTION 2005 : _bcorruption dans le secteur de la construction et la reconstruction d'après-guerre / _cFrancis Fukuyama. |
||
| 264 |
_aParis : _bEconomica, _c2005. |
||
| 300 |
_a395 p.; _b24 cm. |
||
| 653 | _aკორუფცია | ||
| 942 |
_2udc _cᲬᲘᲒᲜᲘ |
||